Territory flags - Statistics

General Stats
  • This quiz has been taken 3,485 times
    3,476 since last reset
  • The average score is 44 of 124
Answer Stats
Picture Answer % Correct
Christmas island
81%
Wales
80%
Greenland
79%
Hong Kong
72%
Mayotte
72%
Gibraltar
69%
Isle of Man
68%
Jersey
68%
Puerto Rico
68%
Guam
67%
Mayotte
66%
Macau
64%
US Virgin islands
64%
Faroe islands
63%
French Polynesia
62%
American Samoa
61%
Aland islands
60%
Palestine
60%
Aruba
58%
Tokelau
57%
Cook islands
55%
Niue
54%
New Caledonia
53%
Norfolk island
53%
Saint Pierre and Miquelon
52%
Wake Island
52%
Hawaii
51%
Somaliland
51%
Northern Cyprus
50%
Western Sahara
50%
Northern Ireland
49%
Tibet
49%
Cocos Keeling islands
48%
Curaçao
47%
French Guiana
47%
Guadeloupe
47%
Saint Helena
47%
Sicily
47%
Anguilla
46%
Johnston Atoll
46%
British Indian Ocean Territory
45%
British Virgin islands
45%
Kurdistan
45%
Quebec
45%
Transnistria
45%
Falkland islands
44%
Northern Mariana islands
44%
Alaska
43%
Montserrat
43%
Reunion
42%
Abkhazia
41%
Basque
41%
Corsica
41%
Bonaire
39%
Saba
39%
Sardinia
39%
South Ossetia
39%
Antarctica
38%
Catalonia
38%
Martinique
38%
Sami
38%
Sint Maarten
37%
Crimea
36%
South Georgia and the South Sandwich Islands
36%
Turks and Caicos islands
36%
Cayman islands
35%
Azores
34%
Pitcairn islands
34%
Tristan da Cunha
34%
Flanders
31%
Bavaria
30%
Canary islands
30%
French Southern and Antarctic lands
30%
Madeira
28%
Ascension island
27%
Ceuta
27%
Easter islands
27%
Wallonia
27%
Artsakh
25%
Bougainville
25%
Saint Barthélemy
25%
Sint Eustatius
25%
Darfur
22%
District of Columbia
22%
Friesland
21%
Kaliningrad
21%
Turkestan
21%
Prince Edward island
20%
Chechnya
19%
Hezbollah
18%
Kashmir
18%
Wallis and Futuna islands
18%
Dagestan
17%
Donetsk
17%
Luhansk
17%
Shetland
17%
West Papua
17%
Bali
16%
Melilla
16%
Tasmania
16%
Alderney
15%
Juan Fernandez islands
15%
Mallorca
15%
Syrian Revolution
14%
Galapagos islands
13%
Houthi
13%
Ibiza
11%
Lord Howe island
11%
Menorca
11%
Orkney islands
11%
Arabistan
10%
Gran Canaria
10%
Midway Hawaii
10%
Barotseland
8%
Druze
8%
Herm
8%
Palmyra Atoll
8%
Sark island
8%
Tenerife
8%
La Gomera
6%
La Palma
6%
El Hierro
5%
Formentera
5%
Fuerteventura
5%
No matching quizzes found
Score Distribution
Percent of People with Each Score
Percentile by Number Answered
Your Score History
You have not taken this quiz since the last reset